|
|
|
|
| LEADER |
01048 a2200217 4500 |
| 008 |
150103s9999 000 0 eng |
| 020 |
|
|
|a 19561996X
|
| 082 |
0 |
0 |
|a 398.20954
|
| 245 |
0 |
0 |
|a Another harmony /
|
| 260 |
|
|
|a Delhi:
|b Oxford University Press,
|c c1986.
|
| 300 |
|
|
|a x, 387 p.
|
| 500 |
|
|
|a "Sponsored by the Joint Committee on South Asia of the Social Science Research Council and the American Council of Learned Societies"--P. [iv].
|
| 500 |
|
|
|a Based on papers presented at two conferences, in Berkeley, Calif. in Feb. 1980 and in Mysore, India in Aug. 1980.
|
| 650 |
|
0 |
|a Folklore
|
| 650 |
|
0 |
|a Folk literature, Indic
|
| 700 |
1 |
|
|a Blackburn, Stuart H.
|
| 700 |
1 |
|
|a Ramanujan, A. K.
|
| 942 |
|
|
|c BK
|
| 999 |
|
|
|c 302656
|d 302656
|
| 952 |
|
|
|0 0
|1 0
|2 ddc
|4 0
|6 398_209540000000000_BLA_AN
|7 0
|9 346169
|a DRA
|b DRA
|c ST1
|d 2010-11-09
|i 4116
|l 0
|o 398.20954 BLA/AN
|p DRA4116
|r 2019-01-03
|w 2019-01-03
|y BK
|
| 952 |
|
|
|0 0
|1 0
|2 ddc
|4 0
|6 398_209540000000000_BLA_AN
|7 0
|8 FORD
|9 346170
|a DRA
|b DRA
|c ST1
|d 2010-11-15
|i 160F
|l 0
|o 398.20954 BLA/AN
|p DRA160F
|r 2019-01-03
|w 2019-01-03
|y BK
|